000 00811cam a22002533a 4500
001 10546
003 PGUSA
005 20140828083226.0
008 031201s2003||||xxu|||||s|||||000 e eng d
040 _aPGUSA
_beng
042 _adc
050 4 _aPG
100 1 _aSienkiewicz, Henryk,
_d1846-1916
245 1 0 _aSo Runs the World
_h[electronic resource] /
_cHenryk Sienkiewicz
260 _bProject Gutenberg,
_c2003
505 0 _aHenryk Sienkiewicz [by S. C. de Soissons] -- Zola -- Whose fault? -- The verdict -- Win or lose.
506 _aPublic domain in the USA.
516 _aElectronic text
653 _aPolish essays -- Translations into English
700 1 _aSoissons, Count de,
_d1860-
830 0 _aProject Gutenberg
_v10546
856 4 0 _uhttp://www.gutenberg.org/ebooks/10546
942 _cEB
999 _c239801
_d239801